000 00620nam a22001937a 4500
005 20160823125139.0
010 _aENG-115819
020 _a9789384981044
_c1500.00
035 _aEN-99351
037 _bDBAD/PUB
082 _a954.0841092
100 _a Sengar,Shailendra
245 _aLife and work of Deen Dayal Upadhyay /
_cby Shailendra Sengar
260 _aNew Delhi
_bApple Academic Press
_c2015
270 _a4360/4Ansari Road,Daryaganj
_bNew Delhi
_e110002
300 _avii,280p.
_c24cm(Hb)
500 _aIncludes bibliographical references and index
942 _2ddc
_cEN
_h954.0841092
_mSEN
999 _c102727
_d102727